000 00821nam a2200253Ia 4500
003 OSt
005 20220923223311.0
006 a|||||r|||| 00| 0
007 ta
008 220922b |||||||| |||| 00| 0 hin d
024 _a213,157
037 _cTextual
040 _aARTS
_cARTS
_bhin
041 _2hin
_ahin
082 _aO152,3N285x, N4
100 _aइस्सर, देवेन्द्र
245 0 _aआदमी परिन्दा है
246 _aĀdamī parindā hai
260 _aदिल्ली
_b भारत पुस्तक भंडार
_c1994
300 _a175पृ.
_ccm.
650 _aहिन्दी साहित्य
_9156264
942 _hO152,3N285x, N4
_cTEXL
_2CC
999 _c363409
_d363409